Adding value; the FM equation (RICS Facilities Management Faculty conference 2001) (Record no. 102227)

MARC details
000 -LEADER
fixed length control field 01181cam a2200217 4500
001 - CONTROL NUMBER
control field J118975
008 - FIXED-LENGTH DATA ELEMENTS--GENERAL INFORMATION
fixed length control field 020722n2001 000 0 eng u
035 ## - SYSTEM CONTROL NUMBER
System control number (Sirsi) u118975
041 ## - LANGUAGE CODE
Language code of text/sound track or separate title eng.
050 ## - LIBRARY OF CONGRESS CALL NUMBER
Classification number 658.2
110 ## - MAIN ENTRY--CORPORATE NAME
Corporate name or jurisdiction name as entry element Royal Institution of Chartered Surveyors
Subordinate unit Facilities Management Faculty
9 (RLIN) 4295
245 ## - TITLE STATEMENT
Title Adding value; the FM equation (RICS Facilities Management Faculty conference 2001)
260 ## - PUBLICATION, DISTRIBUTION, ETC.
Place of publication, distribution, etc. London
Name of publisher, distributor, etc. RICS
Date of publication, distribution, etc. 2001
300 ## - PHYSICAL DESCRIPTION
Extent 40p.
Dimensions 31cm.
520 ## - SUMMARY, ETC.
Summary, etc. Consists of a plastic folder, given to conference delegates, containing the following inserts: speaker biographies; programme and attendance list; evaluation form; and APC 2002 Owlion CD Rom produced for RICS faculties and forums. Also contains copies of the slides that accompanied the following talks: Building intellectual capital in FM, given by Peter McLennan; Real estate partnerships - making outsourcing a practical reality, given by David Shaw; Developments in technology for FM's, by Paull Robathan; and Service through the internet by Howard Bibby.
650 ## - SUBJECT ADDED ENTRY--TOPICAL TERM
Topical term or geographic name entry element CONFERENCE
650 ## - SUBJECT ADDED ENTRY--TOPICAL TERM
Topical term or geographic name entry element ADDING VALUE
650 ## - SUBJECT ADDED ENTRY--TOPICAL TERM
Topical term or geographic name entry element RICS
690 ## - LOCAL SUBJECT ADDED ENTRY--TOPICAL TERM (OCLC, RLIN)
Topical term or geographic name as entry element MANAGEMENT-FACILITIES MANAGEMENT
942 ## - ADDED ENTRY ELEMENTS (KOHA)
Suppress in OPAC 0
Holdings
Withdrawn status Lost status Source of classification or shelving scheme Damaged status Not for loan Home library Current library Shelving location Date acquired Total Checkouts Full call number Barcode Date last seen Copy number Price effective from Koha item type
    Dewey Decimal Classification     London London RICS Boxes 22/07/2002   RICS 2001/64 30066271 06/08/2019 1 06/08/2019 Archive
    Dewey Decimal Classification     London London RICS Boxes 07/04/2005   RICS 2001/64 30070194 06/08/2019 2 06/08/2019 Reference material